Vývoj vybratých komodít na Londýnskej komoditnej burze Príloha Hospodárskych novín

Prehľad o vývoji cien pšenice a kávy na Londýnskaj komoditnej burze. Poznatky o dianí u najvýznamnejších výrobcov pomôžu našim obchodníkom a výrobcom pri orientácii na svetových trhoch.

Salvato in:
Dettagli Bibliografici
Autore principale: Masár, I.
Natura: Capitolo di libro
Lingua:slovacco
Soggetti:
Tags: Aggiungi Tag
Nessun Tag, puoi essere il primo ad aggiungerne!!

MARC

LEADER 00000naa a2200000 4500
001 r022697
005 20230801104526.3
041 0 |a slo 
044 |a SK 
245 1 0 |a Vývoj vybratých komodít na Londýnskej komoditnej burze  |b Príloha Hospodárskych novín  |c I. Masár 
520 |a Prehľad o vývoji cien pšenice a kávy na Londýnskaj komoditnej burze. Poznatky o dianí u najvýznamnejších výrobcov pomôžu našim obchodníkom a výrobcom pri orientácii na svetových trhoch. 
610 2 0 |a Veľká Británia 
610 2 0 |a 1995 
610 2 0 |a 1996 
610 2 0 |a Londýnska komoditná burza 
610 2 0 |a burzy komoditné 
610 2 0 |a komodity 
610 2 0 |a pšenica 
610 2 0 |a káva 
610 2 0 |a ceny burzové 
100 1 |a Masár, I.